A statistical view of the commerce of the United States.

Bibliographic Details
Main Author: Pitkin, Timothy, 1766-1847
Format: Book
Language:English
Published: New York : A. M. Kelley, 1967.
Series:Library of early American business and industry ; no. 13.
Subjects:

MARC

Tag First Indicator Second Indicator Subfields
LEADER 00000cam a2200000 4500
001 in00000063333
005 20151008051737.0
008 731003r19671816nyu 00000 eng
010 |a  65026374  
035 |a (OCoLC)00312194 
035 |9 AAG9736AM 
040 |a DLC  |c DLC  |d TXA  |d UtOrBLW 
043 |a n-us--- 
049 |a TXAM  |c [467810] 
050 0 0 |a HC105  |b .P57 1967 
082 0 |a 330.973 
092 |a 330.973  |b P684s, 1967r 
100 1 |a Pitkin, Timothy,  |d 1766-1847. 
245 1 2 |a A statistical view of the commerce of the United States. 
264 1 |a New York :  |b A. M. Kelley,  |c 1967. 
300 |a xii, 407, xix pages ;  |c 22 cm. 
336 |a text  |b txt  |2 rdacontent 
337 |a unmediated  |b n  |2 rdamedia 
338 |a volume  |b nc  |2 rdacarrier 
490 1 |a Library of early American business and industry ;  |v no. 13 
500 |a Reprints of economic classics 
500 |a Reprint of the 1816 edition. 
651 0 |a United States  |x Commerce. 
651 0 |a United States  |x Economic conditions. 
830 0 |a Library of early American business and industry ;  |v no. 13. 
999 |a MARS 
999 f f |s 43862c55-0bfe-3d5a-b30b-497d67ea8a0d  |i a9e4896e-2999-3577-9550-38010cc51281  |t 0 
952 f f |p ric  |a Texas A&M University  |b Rellis Campus  |c Joint Library Facility  |d Remote Storage  |t 0  |e HC105 .P57 1967  |h Library of Congress classification  |i unmediated -- volume  |m A14800708388 
998 f f |a HC105 .P57 1967  |t 0  |l Remote Storage